| 000 | 00338nam a22001217a 4500 | ||
|---|---|---|---|
| 020 | _a981-02-1018-3 | ||
| 082 | _a539.76 HIG'G | ||
| 100 |
_aGAVA, E , NARIAN, K , SEZGEN, E _967946 |
||
| 245 | _a1991 SUMMER SCHOOL IN HIGH ENERGY PHYSICS AND COSMOLOGY | ||
| 260 |
_aSINGAPORE _bWORLD SCIENTIFIC _c1992 |
||
| 300 | _a1051P/V-2 | ||
| 942 | _cBK | ||
| 999 |
_c575628 _d575628 |
||